000 00297nam a22001337a 4500
008 170508b xxu||||| |||| 00| 0 eng d
020 _a9780073401515
041 _aeng
080 _a34
100 _a14
101 _aSHJ
245 _aREALATIES AND CHALLENGES
_cMASTERS.R.E
942 _2udc
_cBK
999 _c12903
_d12903